000 00327nam a22001337a 4500
008 180904b xxu||||| |||| 00| 0 eng d
020 _a9780940780811
041 _aeng
080 _24 ED
_a579
100 _a11
101 _aMIK
245 _aClinical Mikrobiology Made Ridiculously Simple
_cGladwin.M
942 _2udc
_cBK
999 _c47527
_d47527